MDQL
is popping MORE tags! Check the
thread
!
Quizzes
Events
Quiz Creation
Community
Videos
Private Events
Remove Ads
Sign In
Join for FREE
Feedback
Dark Mode
Quiz Categories
Sports
Geography
Music
Movies
Television
Just For Fun
Miscellaneous
History
Literature
Language
Science
Gaming
Entertainment
Religion
Holiday
For Kids
Quiz Lab
Recent
Popular Today
Quiz Kudos Today
Editor Picks
Curator Picks
Quizzes by...
Day
Popularity
Type
Ratings
Length
Year
Community
Subscriptions
Recent Discussions
Orange Saloon
Badges
Playlists
Quests
Create
Leaderboards
Showdown
Live 5
Trivia Bingo
Activity
Puzzle Library
Sporcle Events
Private Events
Virtual Trivia
Globe League
Become a Host
Pub Owners
SporcleCon
Opinionation
Our Games
Videos
Blog
Mobile Apps
Partnerships
Remove Ads and Go Orange
Feedback
Sports
Athletes
MLB
NBA
NHL
NFL
Soccer
Sports Teams
WWE
NCAA
Football
Premier League
Basketball
Baseball
Hockey
Golf
Tennis
Cricket
Rugby
Auto Racing
Olympics
World Cup
Sports
Athletes
MLB
NBA
NHL
NFL
Soccer
Sports Teams
WWE
NCAA
Football
Premier League
Basketball
Baseball
Hockey
Golf
Tennis
Cricket
Rugby
Auto Racing
Olympics
World Cup
Random Quiz
Search Sporcle
×
Quiz Lab
Quiz Lab
Sports
NHL
Select answers by clicking on text or image buttons
Select answers by clicking on text or image buttons
Clickable
Best Score? Go Orange.
Washington Capitals by Jersey Number ('16-'17) Stats
Can you pick the Washington Capitals by Jersey Number ('16-'17)?
By
mrmaryland
6m
29 Questions
199 Plays
199 Plays
199 Plays
Comments
Comments
Give Quiz Kudos
Give Quiz Kudos
-
- Ratings
hide this ad
More Info
Forced Order
Answers have to be entered in order
Answers have to be entered in order
Replay
Link that replays current quiz
Next Quiz
Link to next quiz in quiz playlist
You Got
0%
They Got
Avg Score
71%
Avg Friend Score
Upgrade to see
Score Distribution
Jump to the score distribution portion of the page
Score
0/29
Timer
06:00
0
Plays Today
% Correct
Alex Ovechkin
94.9%
Nicklas Backstrom
91.4%
T.J. Oshie
91.4%
Braden Holtby
88.4%
Evgeny Kuznetsov
87.9%
John Carlson
87.4%
Tom Wilson
85.9%
Jay Beagle
84.8%
Brooks Orpik
82.3%
Andre Burakovsky
82.3%
Matt Niskanen
81.8%
Dmitry Orlov
81.8%
Marcus Johansson
81.8%
Philipp Grubauer
79.8%
Brett Connolly
78.8%
% Correct
Nate Schmidt
78.3%
Karl Alzner
77.3%
Justin Williams
76.3%
Daniel Winnik
71.2%
Taylor Chorney
67.2%
Lars Eller
67.2%
Chandler Stephenson
67%
Kevin Shattenkirk
65.9%
Jakub Vrana
65.2%
Zach Sanford
60.6%
Liam O'Brien
56.4%
Aaron Ness
49.5%
Riley Barber
41.8%
Paul Carey
40.4%
Quiz Playlist
Details
Report
Send in Message
Add To Playlist
More Info:
Includes all players who have played at least one game for the 2016-17 Presidents' Trophy winners
Clickable:
Select answers by clicking on text or image buttons
Forced Order:
Answers have to be entered in order
Quiz Source
Last Updated: Apr 7, 2017
Quiz Scoreboard
CHALLENGE
Sign Up to Join the Scoreboard
Show All
Scores
Hide
Comments
May contain spoilers
Recently Published
Image Sorting: Flags VI
by Barbecue
Geography
2m
Find the 'City' Movie
by crazypaving
Movies
60s
Colored Red Africa Blitz
by spor1
Geography
45s
More to Explore
Quiz From the Vault
Featured Blog Post
14 Easter Pick-up Lines to Find Eggs With
hide this ad
You Might Also Like...
Tags
NHL Quiz
By Jersey
Jersey
Jersey Numbers
Player
Washington
Washington Capitals
Today's Top Quizzes in Sports
Browse Sports
hide this ad
Today's Top Quizzes in NHL
Browse NHL
Top Contributed Quizzes in Sports
1
Les meilleurs buteurs des matchs entre le PSG et l’OM
2
Les entraîneurs de l'OM et du PSG au 21e siècle
3
2022 World Cup Stars
4
Les joueurs passés par le PSG et l'OM
5
Players with Multiple 50 Home Run Seasons
6
Criteria MLB: Left Handed Sluggers
7
FIFA Club World Cup Champions
8
Les joueurs passés par le LOSC et le RC Lens
9
NBA Logic Puzzle 2.0
10
Top 10 NHL Goal Scorers of All Time
Explore More
Trending Topics
Crossword
Disney
Marvel
NBA
Anime
Kpop
Harry Potter
The Office
NFL
Soccer
WWE
Puzzle
Pokémon
Country
Song
hide this ad
More By:
mrmaryland
Quiz
Plays
Rating
Category
Featured
Created
NBA No College Players 95-05
2,612
4.40
Sports
Dec 27, 2009
Highest Paid MLB Hitters & Pitchers 2010
1,612
3.40
Sports
Mar 20, 2010
Avenged Sevenfold Songs by Studio Album
1,198
5.00
Music
Jan 4, 2016
NHL 17 Player Ratings Top 50
1,082
5.00
Gaming
Jan 26, 2017
NBA Players with Single-Digit Uniform Numbers 2012
761
5.00
Sports
Apr 4, 2012
Go to Creator's Profile
Score Distribution
Quiz Creator Spotlight
mrmaryland
Follow
Send a Message
Quizzes Created
-
Created Quiz Play Count
-
More By This Creator
Popular Quizzes Today
1
Colored Red Africa Blitz
2
Find the US States - No Outlines Minefield
3
Find the 'City' Movie
4
5x2 Blitz: Bands
5
The Countries of the World
6
Find the US States
7
Find the Countries of Europe - No Outlines Minefield
8
US States
More Sports Quizzes
Athletes in Commercials II
Published
Trending Quizzes
Colored Red Europe Blitz I
Colored Red Europe Blitz II
Colored Red Africa Blitz II
Colored Red Europe Blitz III
Colored Red Africa Blitz III
Recently Updated
How Do You Spell That?
pecheneg
Godzilla Movies
pecheneg
Grab Bag: 4-10 Letters
pecheneg
2024 March Madness Bracket
pecheneg
Famous TV Couples
Peacemaker
Champions League XIs: Real Madrid
pecheneg
Largest US Cities 1790-2010
pecheneg
Rides in Walt Disney World
pecheneg
Most Oscar Losses (Acting)
pecheneg
Beyoncé Albums
pecheneg
Trending Topics
Disney
Marvel
Kpop
Crossword
Anime
NBA
Harry Potter
Country
Puzzle
Pokémon
Soccer
NFL
The Office
WWE
Song
Your Account Isn't Verified!
In order to create a playlist on Sporcle, you need to verify the email address you used during registration. Go to your
Sporcle Settings
to finish the process.
Report this User
Report this user for behavior that violates our
Community Guidelines
.
Details:
Send Report
Go to the Sporcle.com Mobile Site →
Comments